EJDERHA PEŞİNDE (Record no. 986380)

MARC details
000 -LEADER
sabit uzunluktaki kontrol alanı 00238nam a2200097Ia 4500
001 - KONTROL NUMARASI
kontrol alanı 986380
005 - EN SON İŞLEMİN TARİH VE ZAMANI
kontrol alanı 20250826221100.0
008 - SABİT-UZUNLUKTA VERİ ÖĞELERİ--GENEL BİLGİ
sabit uzunluktaki kontrol alanı 250824s9999 xx 000 0 und d
245 #0 - ESER / YAZAR
ESER ADI EJDERHA PEŞİNDE
Yazar Adı TİNA ZANG
260 ## - YAYIN, DAĞITIM, VB.
YAYIN EVİ PARODİ YAYINLARI
Holdings
Düşüm durumu Kayıp durumu Hasar Durumu Ödünç verilmez Ana kütüphane Geçerli Kütüphane Edinilen tarih Toplam ödünç verme sayısı Barkod İade tarihi Son görüntüleme tarihi Son ödünç verme tarihi Fiyatın geçerli olmaya başladığı tarih Koha materyal türü
        SANCAK ORTAOKULU SANCAK ORTAOKULU 24.08.2025 1 10343618 25.12.2025 10.12.2025 10.12.2025 26.08.2025 Books